El cuento número trece (Registro nro. 22712)

Detalles MARC
000 -CABECERA
Longitud fija campo de control 00668nam a2200229 b 4500
003 - IDENTIFICADOR DELl NÚMERO DE CONTROL
Identificador del número de control OSt
005 - FECHA Y HORA DE LA ÚLTIMA TRANSACCIÓN
Fecha y hora de la última transacción 20151007143757.0
008 - CÓDIGOS DE INFORMACIÓN DE LONGITUD FIJA
Códigos de información de longitud fija 070608s2007 sp | ||| ||spa
020 ## - NÚMERO INTERNACIONAL NORMALIZADO PARA LIBROS
Número Internacional Normalizado para Libros (ISBN) 978-84-264-1604-9
040 ## - FUENTE DE LA CATALOGACIÓN
Centro transcriptor BMC
082 ## - NÚMERO DE LA CLASIFICACIÓN DECIMAL DEWEY
Númeroo de clasificación 823
100 1# - PUNTO DE ACCESO PRINCIPAL-NOMBRE DE PERSONA
Nombre de persona Setterfield, Diane
9 (RLIN) 36578
245 13 - MENCIÓN DE TÍTULO
Título El cuento número trece
Mención de responsabilidad, etc. Diane Setterfield ; traducción de Matuca Fernández de Villavicencio
250 ## - MENCIÓN DE EDICIÓN
Mención de edición 3ª ed
260 ## - PUBLICACIÓN, DISTRIBUCIÓN, ETC. (PIE DE IMPRENTA)
Lugar de publicación, distribución, etc. Barcelona
Nombre del editor, distribuidor, etc. Lumen
Fecha de publicación, distribución, etc. 2007
300 ## - DESCRIPCIÓN FÍSICA
Extensión 473 p.
Dimensiones 24 cm
490 1# - MENCIÓN DE SERIE
Mención de serie Narrativa
595 ## - NOTA DE EDICIÓN E HISTORIA BIBLIOGRÁFICA
Nota de edición e historia bibliográfica Traducción: The thirteenth tale
650 24 - PUNTO DE ACCESO ADICIONAL DE MATERIA - TÉRMINO DE MATERIA
9 (RLIN) 11162
Término de materia o nombre geográfico como elemento inicial Novela inglesa
700 1# - PUNTO DE ACCESO ADICIONAL - NOMBRE DE PERSONA
9 (RLIN) 36579
Nombre de persona Fernández de Villavicencio, Matuca
942 ## - ENTRADA DE ELEMENTOS AGREGADOS (KOHA)
Fuente de clasificaión o esquema Dewey Decimal Classification
Koha [por defecto] tipo de item 1- Monografias
Existencias
Suprimido Perdido Fuente de clasificación o esquema Estropeado Restricciones de uso No para préstamo Código de colección Localización permanente Localización actual Localización en estanter&íacute;as Fecha adquisición Fuente de adquisición Número de inventario Préstamos totales Renovaciones totales Signatura completa Código de barras Fecha última consulta Fecha último préstamo Coste, precio reemplazado Fecha del precio de reemplazo Tipo de item de Koha
NULL NULL Dewey Decimal Classification NULL Prestable NULL NULL Biblioteca Miguel de Cervantes - UNICAES Biblioteca Miguel de Cervantes - UNICAES Sala Principal 06/10/2015 Donación - ADESH 030346 2 1 N SET cue 1034197 29/09/2016 30/08/2016 19.00 06/10/2015 1- Monografias